000 01285cad a22002175a 4500
001 L140876
008 071016s2007 xxkad f s 000 0 eng d
035 _a(Sirsi) u140876
041 0 _aeng
050 0 4 _a333.33016 $2 18
110 2 _aInvestment Property Databank
_92288
245 0 0 _aIPD Global Index 2007
_bconsultation release
_h[electronic resource]
260 _aLondon
_bIPD
_c2007
490 0 _aIPD Global Index
_v2007
520 _aConsultation edition of the annual index which measures the combined performance of real estate investments held in twenty countries. The local currency global total return was 14.9% in 2006. In 2006, offices gave the strongest world-wide returns at 15.5% compared to 14.9% in retail and 12.4% in residential. However, in the major investor currencies retail gave the highest yield. The residential sector had the poorest global performance with single figure returns in both Sterling and Euros.
590 _aka
651 4 _aInternational
690 _aPROPERTY-COMMERCIAL PROPERTY-COMMERCIAL PROPERTY MARKET
856 4 8 _uhttps://www.ipdglobal.com/results/indices/global/index.asp
_zView this item free of charge at: www.ipdglobal.com/ (See: indices and market information/indices and publications/IPD property digests)
942 _n0
999 _c107559
_d107559